000 00623nam a22001817a 4500
005 20251108164244.0
008 250721s1992 xx 000 0 ara d
082 1 4 _a621.381028/منذ
100 1 _aالمصري، منذر
245 1 0 _aالأجهزة الإلكترونية المنزلية /
264 1 _aعمان :
_bالجمعية العلمية الملكية - قسم العلوم و الآداب،
_c1992.
300 _a118ص
650 1 7 _aالهندسة الإلكترونية
650 1 7 _aالأجهزة الإلكترونية
700 1 _aالرطروط، مشهور
942 _2ddc
_cBK
999 _c7598
_d7598